Principles of Geodynamics (Record no. 60712)
[ view plain ]
| 000 -LEADER | |
|---|---|
| fixed length control field | 00476nam a22001937a 4500 |
| 005 - DATE & TIME | |
| control field | 20260423154047.0 |
| 008 - FIXED-LENGTH DATA ELEMENTS--GENERAL INFORMATION | |
| fixed length control field | 260423b |||||||| |||| 00| 0 eng d |
| 020 ## - ISBN | |
| International Standard Book Number | 9783642684593 |
| Price | 5390.94 |
| 040 ## - CATALOGING SOURCE | |
| Original cataloging agency | Doon University |
| 041 ## - Language | |
| Language | English |
| 082 ## - DDC NUMBER | |
| Classification number | 551 |
| Book Number | SCH |
| 100 ## - MAIN ENTRY--PERSONAL NAME | |
| Personal name | Scheidegger, Adrian E. |
| 245 ## - TITLE STATEMENT | |
| Title | Principles of Geodynamics |
| 250 ## - EDITION STATEMENT | |
| Edition statement | 3rd |
| 260 ## - PUBLICATION, DISTRIBUTION, ETC. (IMPRINT) | |
| Place of publication, distribution, etc | Berlin |
| Name of publisher, distributor, etc | Springer |
| Date of publication, distribution, etc | 1982 |
| 300 ## - PHYSICAL DESCRIPTION | |
| Pages | 395 |
| 650 ## - Subject | |
| Subject | Geology (PM USHA) |
| 942 ## - ADDED ENTRY ELEMENTS (KOHA) | |
| Koha item type | Books |
| 100 ## - MAIN ENTRY--PERSONAL NAME | |
| -- | 26716 |
| 650 ## - Subject | |
| -- | 26712 |
| 952 ## - LOCATION AND ITEM INFORMATION (KOHA) | |
| -- | 2026-04-23 |
| 952 ## - LOCATION AND ITEM INFORMATION (KOHA) | |
| -- | 2026-04-23 |
| 952 ## - LOCATION AND ITEM INFORMATION (KOHA) | |
| -- | 2026-04-23 |
| Withdrawn status | Lost status | Source of classification or shelving scheme | Damaged status | Not for loan | Location (home branch) | Sublocation or collection (holding branch) | Date acquired | Koha issues (times borrowed) | Koha full call number | Accession No. | Koha date last seen | Koha item type |
|---|---|---|---|---|---|---|---|---|---|---|---|---|
| Doon University | Doon University | 23.04.2026 | 551 SCH | 32942 | 23.04.2026 | Books | ||||||
| Doon University | Doon University | 23.04.2026 | 551 SCH | 32943 | 23.04.2026 | Books | ||||||
| Doon University | Doon University | 23.04.2026 | 551 SCH | 32944 | 23.04.2026 | Books |